Terminal control North (Record no. 107934)

MARC details
000 -LEADER
fixed length control field 01304cad a22002295a 4500
001 - CONTROL NUMBER
control field L142679
008 - FIXED-LENGTH DATA ELEMENTS--GENERAL INFORMATION
fixed length control field 080228s2008 xxk f 000 0 eng d
035 ## - SYSTEM CONTROL NUMBER
System control number (Sirsi) u142679
041 0# - LANGUAGE CODE
Language code of text/sound track or separate title eng
050 04 - LIBRARY OF CONGRESS CALL NUMBER
Classification number 711.7 $2 18
110 2# - MAIN ENTRY--CORPORATE NAME
Corporate name or jurisdiction name as entry element National Air Traffic Services
9 (RLIN) 5513
245 00 - TITLE STATEMENT
Title Terminal control North
Remainder of title airspace change proposal
Medium [electronic resource]
260 ## - PUBLICATION, DISTRIBUTION, ETC.
Place of publication, distribution, etc. London
Name of publisher, distributor, etc. NATS
Date of publication, distribution, etc. 2008
520 ## - SUMMARY, ETC.
Summary, etc. Makes proposals aimed at entirely restructuring the organisation of airspace over South East England, known as Terminal Control North. The restructuring is a response to increasingly crowded skies. Aims to increase safety, and to mitigate delays and environmental impact wherever possible. Aims to include stakeholder groups including councils and authorities, environmental groups, parish councils, aviation user groups and the general public. Also aims to respond to the recent airport expansions and prepare for future plans. Responses are due by 22 May 2008.
521 2# - TARGET AUDIENCE NOTE
Target audience note Advanced
590 ## - LOCAL NOTE (RLIN)
Local note KA
651 #4 - SUBJECT ADDED ENTRY--GEOGRAPHIC NAME
Geographic name South East (England)
690 ## - LOCAL SUBJECT ADDED ENTRY--TOPICAL TERM (OCLC, RLIN)
Topical term or geographic name as entry element PROPERTY-INFRASTRUCTURE-AIR TRANSPORT INFRASTRUCTURE
690 ## - LOCAL SUBJECT ADDED ENTRY--TOPICAL TERM (OCLC, RLIN)
Topical term or geographic name as entry element Planning and development
9 (RLIN) 6259
856 40 - ELECTRONIC LOCATION AND ACCESS
Uniform Resource Identifier <a href="https://www.consultation.nats.co.uk/">https://www.consultation.nats.co.uk/</a>
Public note View the consultation free of charge at www.consultation.nats.co.uk...
942 ## - ADDED ENTRY ELEMENTS (KOHA)
Suppress in OPAC 0
Holdings
Withdrawn status Lost status Source of classification or shelving scheme Damaged status Not for loan Home library Current library Shelving location Date acquired Total Checkouts Full call number Barcode Date last seen Copy number Price effective from Koha item type
    Dewey Decimal Classification     Virtual Virtual Online 28/02/2008   ONLINE PUBLICATION 142679-1001 06/08/2019 1 06/08/2019 Book